The devil is a black dog : (Record no. 100148)

MARC details
000 -LEADER
fixed length control field 00639nam a22001937a 4500
005 - DATE AND TIME OF LATEST TRANSACTION
control field 20160622114640.0
010 ## - LCCN (DPL NO)
LC control number ENG-115181
020 ## - INTERNATIONAL STANDARD BOOK NUMBER
International Standard Book Number 9789385288708
Terms of availability 299.00
035 ## - SYSTEM CONTROL NUMBER
System control number EN-98713
037 ## - SOURCE OF ACQUISITION
Source of stock number/acquisition DBAD/PUB
082 ## - DEWEY DECIMAL CLASSIFICATION NUMBER
Classification number S
100 ## - MAIN ENTRY--PERSONAL NAME
Personal name Jasberenyi, Sandor
245 ## - TITLE STATEMENT
Title The devil is a black dog :
Statement of responsibility, etc by Sandor Jasberenyi; translated by M. Henderson Ellis
Remainder of title stories of war and revolution from the Middle East and beyond /
260 ## - PUBLICATION, DISTRIBUTION, ETC. (IMPRINT)
Place of publication, distribution, etc New Delhi
Name of publisher, distributor, etc Speaking Tiger
Date of publication, distribution, etc 2015
270 ## - ADDRESS
Address 4381/4, Ansari Road, Daryaganj,
City New Delhi
Postal code 110002
300 ## - PHYSICAL DESCRIPTION
Extent 194p.
Dimensions 21cm(pbk)
700 ## - ADDED ENTRY--PERSONAL NAME
Personal name Ellis, M. Henderson
942 ## - ADDED ENTRY ELEMENTS (KOHA)
Source of classification or shelving scheme Dewey Decimal Classification
Item type English Books
Call number suffix JAS
Classification part S
Holdings
Withdrawn status Lost status Not for loan Collection code Home library Current library Date acquired Source of acquisition Cost, normal purchase price Full call number Barcode Copy number Cost, replacement price Koha item type
    Not For Loan Fiction D.B.Act.Division Bawana 31/05/2016 DBAD/PUB 299.00 S JAS EN-98713 1 299.00 English Books

© Delhi Public Library
Hit Counter
free hit counter